000 00711cab a2200229 4500
001 WB3213-05
008 090401t1996 xxu||||| |||| 00| 0 eng d
035 _a(Sirsi) u60541
041 _aeng
245 _aSlough Estates hit by falling values
260 _c1996
350 _a0
490 _aFinancial Times
_v29 march 1996, 24(1)
520 _aFalling property values have led to a decline of 4.7% in the value of Slough Estates property portfolio.
650 _aNET ASSET VALUE
650 _aPROPERTY PORTFOLIO
650 _aPROPERTY VALUES
650 _aSLOUGH ESTATES
690 _aPROPERTY-COMMERCIAL PROPERTY-COMMERCIAL PROPERTY FINANCE AND INVESTMENT
942 _n0
948 _c04/03/1997
999 _c37360
_d37360